Представление документа в формате MARC21

Поле Инд. ПП Название Значение
Тип записи a
Библиографический уровень a
001 Контрольный номер RU/IS/BASE/350238760
005 Дата корректировки 20140225231701.9
040 a Служба первич. каталог. НБ ТвГУ
b Код языка каталог. rus
e Правила каталог. PSBO
041 0_ a Код языка текста rus
100 1_ a Автор Вершинина Ольга Викторовна
q Полное имя Вершинина О. В.
245 11 a Заглавие "Тверская старина" - электронный краеведческий проект Научной библиотеки Тверского государственного университета
260 a Место издания Тверь
b Издательство б. и.
c Дата издания 2009
653 a Ключевые слова Труды Тверского государственного университета
653 1_ a Ключевые слова Научная библиотека ТвГУ
653 1_ a Ключевые слова История Тверского государственного университета
653 1_ a Ключевые слова Сотрудники ТвГУ
653 1_ a Ключевые слова Краеведение
653 1_ a Ключевые слова Тверская старина, краеведческий проект
653 1_ a Ключевые слова Издания ТвГУ
653 1_ a Ключевые слова Вершинский, Анатолий Николаевич, о нем
653 1_ a Ключевые слова Тверская старина, журнал
773 08 w Контрольный № источника RU/IS/BASE/313514681
t Название источника Краеведческие исследования библиотек
d Место и дата издания Тверь, 2009
g Прочая информация С. 3-10
901 t Тип документа a
920 a Оператор Васи
954 a Дата поступления на обработку 20110205